000 00545nam a22001937a 4500
999 _c6621
_d6621
003 OSt
005 20200212090525.0
008 200212b ||||| |||| 00| 0 eng d
020 _a9781444128864
040 _cDDC
082 _a150GRO 2012
100 _aGross,Richard;
_93607
245 _aBeing Human :Psychological and Philosophical Perspectives.
260 _aUK
_bHodder Education.
_c2012
300 _a335p;
_bCol,Ill;
_c24cm.
504 _aGlossary references and index are included.
650 _apsychology.
_931
942 _2ddc
_cO_SHELF